Solar energy projects gain extra funding (Record no. 73436)

MARC details
000 -LEADER
fixed length control field 01138cam a2200217 4500
001 - CONTROL NUMBER
control field WB3936-10
008 - FIXED-LENGTH DATA ELEMENTS--GENERAL INFORMATION
fixed length control field 030923n2003 000 0 eng u
035 ## - SYSTEM CONTROL NUMBER
System control number (Sirsi) u123691
245 ## - TITLE STATEMENT
Title Solar energy projects gain extra funding
260 ## - PUBLICATION, DISTRIBUTION, ETC.
Date of publication, distribution, etc. 2003
490 ## - SERIES STATEMENT
Series statement DTI Press Release
Volume/sequential designation (P/2003/479) 22 September 2003 (5)
520 ## - SUMMARY, ETC.
Summary, etc. New renewable energy projects including the first in Northern Ireland have received £1.65m funding as part of the DTI's £20m Major Photovoltaic Demonstration Programme, which helps householders, public buildings,community projects and commercial ventures convert to solar power. This is the fifth set of medium and large-scale projects approved since the programme began in 2002. Further information about the demonstration programme can be found at http://www.est.co.uk/solar/. http://www.gnn.gov.uk/gnn/national.nsf/TI/D514E626D4F7B4D580256DA90047D3E8?opendocument
590 ## - LOCAL NOTE (RLIN)
Local note WB
650 ## - SUBJECT ADDED ENTRY--TOPICAL TERM
Topical term or geographic name entry element RENEWABLE ENERGY
650 ## - SUBJECT ADDED ENTRY--TOPICAL TERM
Topical term or geographic name entry element PHOTOVOLTAICS
650 ## - SUBJECT ADDED ENTRY--TOPICAL TERM
Topical term or geographic name entry element SOLAR POWER
650 ## - SUBJECT ADDED ENTRY--TOPICAL TERM
Topical term or geographic name entry element FUNDING
650 ## - SUBJECT ADDED ENTRY--TOPICAL TERM
Topical term or geographic name entry element NORTHERN IRELAND
690 ## - LOCAL SUBJECT ADDED ENTRY--TOPICAL TERM (OCLC, RLIN)
Topical term or geographic name as entry element ENVIRONMENTAL AND LAND CONSULTANCY-ENERGY
942 ## - ADDED ENTRY ELEMENTS (KOHA)
Suppress in OPAC 0
Holdings
Withdrawn status Lost status Source of classification or shelving scheme Damaged status Not for loan Home library Current library Shelving location Date acquired Total Checkouts Full call number Barcode Date last seen Copy number Price effective from Koha item type
    Dewey Decimal Classification     London London News article 23/09/2003   WB3936-10 123691-1001 06/08/2019 1 06/08/2019 News article